000 00591nam a2200217Ia 4500
003 OSt
005 20220928144916.0
006 a|||||r|||| 00| 0
007 ta
008 220927b |||||||| |||| 00| 0 eng d
024 _a76925
037 _cTextual
040 _aSDCL
_cSDCL
_beng
041 _2eng
_aeng
082 _aO-,3M85:g, L9
100 _aDelany Paul
_9510352
245 0 _aD H Lawrence's nightmare
_b The writer and his circle in the years of the Great war.
260 _c1979
942 _hO-,3M85:g, L9
_cTEXL
_2CC
999 _c830441
_d830441